Catálogo de amoblado urbano
Tallennettuna:
| Päätekijä: | |
|---|---|
| Aineistotyyppi: | Kirja |
| Julkaistu: |
[San José , Costa Rica]
1997
|
| Aiheet: | |
| Tagit: |
Lisää tagi
Ei tageja, Lisää ensimmäinen tagi!
|
MARC
| LEADER | 00000nam a2200000Ia 4500 | ||
|---|---|---|---|
| 003 | MV0008 | ||
| 005 | 20221231144020.0 | ||
| 008 | 140114s1997 c a 000 ||s d | ||
| 040 | |c cru CEDI | ||
| 090 | |a MV 08 | ||
| 100 | |a Morales S, Douglas |9 18389 | ||
| 245 | |a Catálogo de amoblado urbano | ||
| 260 | |a [San José , Costa Rica] |c 1997 | ||
| 500 | |a Universidad de Costa Rica. Facultad de Ingeniería. Escuela de Arquitectura | ||
| 650 | |x ENTORNO URBANO |x URBANISMO |x ESPACIOS ABIERTOS |x ESTACIONAMIENTO DE AUTOMOVILES |x TERMINALES DE AUTOBUS |x PLAZAS |x DESARROLLO DE LA COMUNIDAD URBANA - COSTA RICA |x ESPACIOS PUBLICOS - COSTA RICA |9 18390 | ||
| 942 | |c MX | ||
| 999 | |c 15630 |d 15630 | ||
